00624nam a22001697a 450000500170000001000130001702000260003003500110005603700160006708200110008310000450009424500960013924600710023526000490030627000770035530000220043220191122172921.0 aUR-10612 c100.00a9789389002768 aU-9167 bDBAD/PUBa- a840.08 aمنا ظر عا شق ہر گا نو ی  aمير تقی مير : بچو ں کے شا عر cمنا ظر عا شق ہر گا نو ی  bMeer Taqi Meer:Bachchon Ke Shair (Urdu)aby Manazir Ashiq Harganvi aDelhibEducational Publishing Housec2019 ء a3191,Vakil Street, Kucha Pandit,Lal Kuan,bDelhie110006k01123216162l- a80 ص c22 Cm(Hb)